• 首页
  • 本馆介绍
  • 公告通知
  • 最新文献
  • 馆藏检索
  • 电子资源
  • 读者导购
  • 参考咨询
  • 我的图书馆
  • 登录
  • 详细信息显示
  • 放入我的书架
  • 预约/预借图书
  • 作者相关作品
  • 分类相关作品
  • 丛书相关作品
  • 出版社相关作品

书目信息

  • 表格格式
  • 工作单格式
  • 卡片格式
题名:
聋校手语词汇手册
    
 
作者: 张筠曼 编著
分册: 4~6年级  
出版信息: 北京   华夏出版社  2000
页数: 131页
开本: 19×26cm
丛书名:
单 册:
中图分类: G762.4
科图分类:
主题词: 聋哑人语言--聋哑学校--教学参考资料 , 聋哑人语言
电子资源:
ISBN: 978-7-5080-2155-3
000 00644nam0 2200217 450
001 1572278071
005 20150202200547.60
010    @a978-7-5080-2155-3@dCNY16.00
100    @a20130620e20132000cemy0chiy50 ea
101 0  @achi
102    @aCN@b110000
105    @aa z 000yy
200 1  @a聋校手语词汇手册@9long xiao shou yu ci hui shou ce@h4~6年级@f张筠曼编著
210    @a北京@c华夏出版社@d2000@h2013重印
215    @a131页@c图@d19×26cm
606 0  @a聋哑人语言@x聋哑学校@j教学参考资料
606 0  @a聋哑人语言
690    @aG762.4@v5
701  0 @a张筠曼@9zhang jun man@4编著
801  0 @aCN@bTSSF@c20150202
905    @aZUCC@dG762.4@eJY4
    
    聋校手语词汇手册.4~6年级/张筠曼编著.-北京:华夏出版社,2000(2013重印)
    131页:图;19×26cm
    
    
    ISBN 978-7-5080-2155-3:CNY16.00
    
●
相关链接 在E读中查询图书 在五车中查询图书 在当当中查询图书 在豆瓣中查询图书


正题名:聋校手语词汇手册     索取号:G762.4/JY4         预约/预借

序号 登录号 条形码 馆藏地/架位号 状态 备注
1 7865182   278651825   学院路分馆/ [索取号:G762.4/JY4] 在馆    
唐山师范学院图书馆 欢迎您!
大连网信软件有限公司© 版权所有